000 00536nam a22001577a 4500
005 20251108171220.0
008 250721s1987 xx 000 0 ara d
082 1 4 _aم/352.9609565/ارد
245 1 0 _aالتقرير السنوي 1987 /
264 1 _aعمان :
_bدائرة الأراضي والمساحة - مديرية الإحصاء والعلامات العامة،
_c1987.
650 1 7 _aالإحصاء
650 1 7 _aالتقرير السنوي
710 2 _aالتقرير السنوي
942 _2ddc
_cREF
999 _c59568
_d59568